| 000 | 00436 a2200121 4500 | ||
|---|---|---|---|
| 245 |
_aNineteenth-century American reader _hprint |
||
| 650 | _aAMERICAN LITERATURE | ||
| 005 | 20191021095339.0 | ||
| 260 |
_adcu _bPublished by the U.S. Information Agency, Division for the Study of the U.S. _c1987 |
||
| 084 | _aPS535 .N56 1987 | ||
| 300 |
_axvi, 579 p. : ill. _b 23 cm. _cxvi, 579 p. : ill. ; 23 cm. |
||
| 500 | _aedited by M. Thomas Inge. | ||
| 999 |
_c12126 _d12126 |
||